[Event "HUN-chT2 Breyer 1819"]
[Site "Hungary"]
[Date "2019.04.28"]
[Round "9.6"]
[White "D Albini, Geza"]
[Black "Emmer, Adam"]
[Result "1/2-1/2"]
[WhiteElo "1978"]
[BlackElo "1894"]
[PlyCount "41"]
[EventDate "2018.10.28"]
[EventType "team-tourn"]
[EventRounds "9"]
[EventCountry "HUN"]
[SourceTitle "EXT 2021"]
[Source "ChessBase"]
[SourceDate "2020.10.23"]
[SourceVersion "1"]
[SourceVersionDate "2020.10.23"]
[SourceQuality "1"]
[WhiteTeam "Vizugy"]
[BlackTeam "Paty"]
[WhiteTeamCountry "HUN"]
[BlackTeamCountry "HUN"]

1. c4 Nf6 2. Nc3 e5 3. g3 Bb4 4. Bg2 0-0 5. e3 Nc6 6. Nge2 Ne7 7. e4 Nc6 8. 0-0 Bc5 9. d3 Nd4 10. Nxd4 Bxd4 11. Qe2 d6 12. h3 Be6 13. Be3 Ne8 14. Qd2 Bxe3 15. Qxe3 Qd7 16. Kh2 c6 17. f4 f6 18. b3 exf4 19. gxf4 f5 20. d4 fxe4 21. Nxe4 1/2-1/2

[Event "Budapest-chT1 Lilienthal 1718"]
[Site "Budapest"]
[Date "2018.02.04"]
[Round "8"]
[White "Emmer, Adam"]
[Black "Kozsik, Bende Barnabas"]
[Result "1-0"]
[WhiteElo "1878"]
[BlackElo "1851"]
[PlyCount "113"]
[EventDate "2017.10.01"]
[EventType "team-tourn"]
[EventRounds "13"]
[EventCountry "HUN"]
[SourceTitle "EXT 2021"]
[Source "ChessBase"]
[SourceDate "2020.10.23"]
[SourceVersion "1"]
[SourceVersionDate "2020.10.23"]
[SourceQuality "1"]
[WhiteTeam "Budapest Ujpest KSE"]
[BlackTeam "Barcza GSC"]
[WhiteTeamCountry "HUN"]
[BlackTeamCountry "HUN"]

1. Nf3 Nf6 2. d4 g6 3. Bf4 Bg7 4. e3 0-0 5. Bd3 d5 6. 0-0 b6 7. Qe2 Bb7 8. Nbd2 c5 9. c3 Nc6 10. Ne5 Nd7 11. Nxd7 Qxd7 12. Bg3 e5 13. dxc5 bxc5 14. Ba6 Rfd8 15. Rfd1 c4 16. Bxb7 Qxb7 17. Rab1 a5 18. e4 d4 19. Nxc4 Rab8 20. Rbc1 Qb5 21. Kf1 Qa4 22. b3 Qb5 23. Nb2 Qxe2+ 24. Kxe2 Bh6 25. Rc2 dxc3 26. Rxc3 Nd4+ 27. Kf1 f6 28. Bh4 g5 29. Bg3 Bg7 30. f3 Ne6 31. Rdd3 Bf8 32. Rxd8 Rxd8 33. Rd3 Rc8 34. Nc4 a4 35. Bf2 axb3 36. axb3 Ra8 37. Rd1 Rb8 38. Rb1 Kf7 39. g3 Be7 40. Be3 Bf8 41. Ke2 Be7 42. h3 Bf8 43. Kd2 Bb4+ 44. Kc2 Ra8 45. Kb2 Ke8 46. Rd1 Rd8 47. Rxd8+ Kxd8 48. Nb6 Ke8 49. Nd5 Be7 50. b4 Kd7 51. Kc3 Bd8 52. Kc4 Be7 53. Bb6 Kd6 54. Bc5+ Nxc5 55. bxc5+ Kd7 56. Nxe7 Kxe7 57. Kd5 1-0

[Event "HUN-chT2 Breyer 1718"]
[Site "Hungary"]
[Date "2018.01.28"]
[Round "7.6"]
[White "Emmer, Adam"]
[Black "Szabo, Lorinc"]
[Result "1-0"]
[WhiteElo "1878"]
[BlackElo "1983"]
[PlyCount "85"]
[EventDate "2017.09.24"]
[EventType "team-tourn"]
[EventRounds "11"]
[EventCountry "HUN"]
[SourceTitle "EXT 2021"]
[Source "ChessBase"]
[SourceDate "2020.10.23"]
[SourceVersion "1"]
[SourceVersionDate "2020.10.23"]
[SourceQuality "1"]
[WhiteTeam "Paty"]
[BlackTeam "Szekesfehervar"]
[WhiteTeamCountry "HUN"]
[BlackTeamCountry "HUN"]

1. Nf3 Nf6 2. d4 g6 3. g3 Bg7 4. Bg2 0-0 5. 0-0 d5 6. Nbd2 c6 7. Re1 Qc7 8. c3 b6 9. e4 dxe4 10. Nxe4 Nxe4 11. Rxe4 Bb7 12. Bf4 Qd8 13. Qe1 e6 14. Rd1 Nd7 15. Re2 Nf6 16. Ne5 Nd5 17. Bc1 Rc8 18. c4 Ne7 19. g4 Ba6 20. b3 b5 21. Ba3 bxc4 22. bxc4 Re8 23. Rc2 Bb7 24. Bc5 h5 25. h3 Ra8 26. Rb1 Qc7 27. Qb4 Bxe5 28. dxe5 Ba6 29. Bd6 Qd7 30. Qa3 Bc8 31. Rcb2 Kg7 32. Qa4 Rh8 33. Bxe7 Qxe7 34. Bxc6 hxg4 35. hxg4 Bd7 36. Bxd7 Qh4 37. Qc6 Qxg4+ 38. Qg2 Qd4 39. Bxe6 fxe6 40. Rb7+ Kf8 41. Qf3+ Ke8 42. Qf7+ Kd8 43. Qc7+ 1-0

[Event "HUN-chT2 Breyer 1718"]
[Site "Hungary"]
[Date "2017.10.08"]
[Round "2.6"]
[White "Kardon, Zoltan"]
[Black "Emmer, Adam"]
[Result "1/2-1/2"]
[WhiteElo "2067"]
[BlackElo "1878"]
[PlyCount "63"]
[EventDate "2017.09.24"]
[EventType "team-tourn"]
[EventRounds "11"]
[EventCountry "HUN"]
[SourceTitle "EXT 2021"]
[Source "ChessBase"]
[SourceDate "2020.10.23"]
[SourceVersion "1"]
[SourceVersionDate "2020.10.23"]
[SourceQuality "1"]
[WhiteTeam "Budapest HASE"]
[BlackTeam "Paty"]
[WhiteTeamCountry "HUN"]
[BlackTeamCountry "HUN"]

1. d4 Nf6 2. Nf3 d5 3. e3 Bf5 4. Bd3 Bxd3 5. Qxd3 c6 6. Nbd2 g6 7. 0-0 Bg7 8. c4 0-0 9. b3 Nbd7 10. Bb2 Re8 11. Rfd1 e6 12. Rac1 Qe7 13. h3 h5 14. a3 a5 15. Rc2 Nh7 16. e4 dxe4 17. Nxe4 Nhf6 18. Ng3 Nb6 19. Qe3 Nbd7 20. a4 Nb8 21. Re2 Qb4 22. Nd2 Nbd7 23. Bc3 Qd6 24. Nge4 Qc7 25. Qf3 Nh7 26. h4 Rab8 27. g3 b5 28. c5 Ndf6 29. Nxf6+ Nxf6 30. Ne4 Nxe4 31. Qxe4 bxa4 32. bxa4 1/2-1/2

[Event "HUN-chT2 Breyer 1617"]
[Site "Hungary"]
[Date "2016.11.27"]
[Round "3.9"]
[White "Emmer, Adam"]
[Black "Laszlo, Imre"]
[Result "1/2-1/2"]
[WhiteElo "1782"]
[BlackElo "2115"]
[PlyCount "54"]
[EventDate "2016.10.30"]
[EventType "team-tourn"]
[EventRounds "9"]
[EventCountry "HUN"]
[SourceTitle "EXT 2021"]
[Source "ChessBase"]
[SourceDate "2020.10.23"]
[SourceVersion "1"]
[SourceVersionDate "2020.10.23"]
[SourceQuality "1"]
[WhiteTeam "Paty"]
[BlackTeam "Naszaly Geniusz Tata"]
[WhiteTeamCountry "HUN"]
[BlackTeamCountry "HUN"]

1. c4 b6 2. Nc3 Bb7 3. d4 Nf6 4. Bg5 e6 5. a3 Be7 6. e3 d6 7. Nf3 Nbd7 8. Be2 h6 9. Bxf6 Nxf6 10. Qa4+ Qd7 11. Qxd7+ Nxd7 12. Nb5 Bd8 13. 0-0 f5 14. Nd2 Nf6 15. Bf3 Bxf3 16. Nxf3 a6 17. Nc3 g5 18. Rfe1 g4 19. Nd2 e5 20. b4 c6 21. a4 Rh7 22. Nb3 Rb7 23. b5 cxb5 24. axb5 a5 25. c5 bxc5 26. dxc5 dxc5 27. Nxc5 Rb6 1/2-1/2

[Event "Budapest FS08 FM-B"]
[Site "Budapest"]
[Date "2016.08.09"]
[Round "4"]
[White "Szurkos, Andras"]
[Black "Emmer, Adam"]
[Result "1/2-1/2"]
[WhiteElo "1633"]
[BlackElo "1794"]
[PlyCount "161"]
[EventDate "2016.08.06"]
[EventType "tourn"]
[EventRounds "9"]
[EventCountry "HUN"]
[SourceTitle "EXT 2017"]
[Source "ChessBase"]
[SourceDate "2016.10.25"]
[SourceVersion "1"]
[SourceVersionDate "2016.10.25"]
[SourceQuality "1"]

1. e4 c5 2. d4 cxd4 3. Nf3 Nc6 4. Nxd4 Nf6 5. Nc3 d6 6. Bb5 Bd7 7. 0-0 e6 8. Re1 Be7 9. Nf3 0-0 10. Bg5 Qc7 11. a3 Rad8 12. Bd3 a6 13. h3 b5 14. b4 h6 15. Bd2 Ne5 16. Nxe5 dxe5 17. Ne2 Bc6 18. Ng3 Rd7 19. Qe2 Rfd8 20. Be3 Qb7 21. f3 Ne8 22. Qf2 Bh4 23. Kh2 Nd6 24. Bb6 Rb8 25. Bc5 Ne8 26. Qe2 Nc7 27. Bf2 Na8 28. Nf1 Be7 29. Nd2 Nb6 30. Bxb6 Qxb6 31. Nb3 Rbd8 32. Red1 Qc7 33. Na5 Ba8 34. Rac1 Qc3 35. Nb3 h5 36. Qe1 Qxe1 37. Rxe1 h4 38. g3 Bg5 39. Rcd1 hxg3+ 40. Kxg3 Be7 41. Be2 f5 42. exf5 Rxd1 43. Rxd1 Rxd1 44. Bxd1 exf5 45. Be2 Bd5 46. Na5 Kf7 47. c4 bxc4 48. Bxc4 Bxc4 49. Nxc4 Ke6 50. Kf2 Bg5 51. Ke2 g6 52. Kd3 Kd5 53. a4 Bf6 54. Ne3+ Kd6 55. Kc4 Bg5 56. Nd1 Bd8 57. b5 axb5+ 58. axb5 Bb6 59. Nc3 Bf2 60. Nd5 g5 61. b6 e4 62. b7 Ba7 63. fxe4 fxe4 64. Nc3 Kc6 65. Nxe4 Kxb7 66. Nxg5 Bf2 67. Kd5 Kc7 68. Ke5 Kd7 69. Kf5 Ke7 70. Kg6 Kf8 71. Ne4 Be1 72. Kf5 Kg7 73. Ng5 Bf2 74. Kg4 Be1 75. Nf3 Bf2 76. Ng5 Be1 77. Kf3 Bh4 78. Ne4 Bd8 79. Kg4 Be7 80. Ng5 Bxg5 81. Kxg5 1/2-1/2